Football - Équipes entraînées par Rolland Courbis. - Statistiques

Statistiques générales
  • Ce quiz a été pris 59 fois
  • Le résultat moyen est 7 sur 15
Answers on the Grid
Answers color-coded by a green-red scale on the quiz's grid according to % correct below.
AC Ajaccio
Al-Wahda
Alania Vladikavkaz
PSG
SM Caen
FC Sion
Girondins de Bordeaux
Le Havre Athletic Club
Stade rennais
Montpellier HSC
AS Monaco FC
Niger
Olympique de Marseille
RC Lens
Football Club de Nantes
SC Toulon
Toulouse FC
US Endoume
USM Alger
Stade de Reims
 
Statistiques - réponses
Réponse % Correct
Montpellier HSC
88%
Olympique de Marseille
80%
AC Ajaccio
63%
Girondins de Bordeaux
59%
SC Toulon
51%
Stade rennais
51%
SM Caen
45%
USM Alger
45%
Toulouse FC
41%
US Endoume
39%
Alania Vladikavkaz
35%
Niger
35%
Al-Wahda
33%
FC Sion
31%
RC Lens
31%
Aucun quiz correspondant
Distribution des résultats
% des personnes avec chaque résultat
Percentile par nombre de réponses
Votre historique - résultats
Vous n’avez pas pris ce quiz